Madame est servie - Statistiques

Statistiques générales
  • Ce quiz a été pris 79 fois
  • Le résultat moyen est 7 sur 10
Statistiques - réponses
Questions Réponses % Correct
De quel sport Tony était-il un professionnel avant de se blesser? baseball
97%
Combien la série compte-t-elle de saisons? 8
92%
De quelle couleur est le van de Tony, que l'on voit dans le générique (dans les premières saisons)? bleu
92%
Avec qui Angela finit-elle par se mettre en couple dans la saison 8 (qui sera la dernière)? Tony
89%
Comment s'appelle la mère d'Angela? Mona
85%
Quelle actrice interprète Samantha Micelli? (prénom + nom) Alyssa Milano
84%
De quel quartier de New-York, Tony et Samantha viennent-ils? Brooklyn
75%
Vers la fin de la série, Tony avait repris ses études. Une fois diplômé, il cherche un poste: quel métier veut-il exercer? professeur
56%
Quel est le nom de famille de l'italienne, ex-voisine de Tony à New York? (Madame...) Rossini
54%
Comment s'appelle la meilleure amie, un peu idiote, de Samantha? Marci
3%
Aucun quiz correspondant
Distribution des résultats
% des personnes avec chaque résultat
Percentile par nombre de réponses
Votre historique - résultats
Vous n’avez pas pris ce quiz